De las buenas relaciones entre los jueces y los abogados (Record no. 1369)
[ view plain ]
| 000 -LEADER | |
|---|---|
| fixed length control field | 00578cam a22002177a 4500 |
| 001 - CONTROL NUMBER | |
| control field | 001378 |
| 003 - CONTROL NUMBER IDENTIFIER | |
| control field | armpunfd |
| 005 - DATE AND TIME OF LATEST TRANSACTION | |
| control field | 20150908123503.0 |
| 008 - FIXED-LENGTH DATA ELEMENTS--GENERAL INFORMATION | |
| fixed length control field | 040206e0####xx#a##########000#0##nd#d |
| 040 ## - CATALOGING SOURCE | |
| Original cataloging agency | armpunfd |
| Transcribing agency | armpunfd |
| 080 ## - UNIVERSAL DECIMAL CLASSIFICATION NUMBER | |
| Universal Decimal Classification number | 347.93 C 125 |
| 100 10 - MAIN ENTRY--PERSONAL NAME | |
| Personal name | Calamandrei, Piero |
| 245 10 - TITLE STATEMENT | |
| Title | De las buenas relaciones entre los jueces y los abogados |
| 260 ## - PUBLICATION, DISTRIBUTION, ETC. (IMPRINT) | |
| Place of publication, distribution, etc | Buenos Aires : |
| Name of publisher, distributor, etc | Depalma, |
| Date of publication, distribution, etc | 1983. |
| 300 ## - PHYSICAL DESCRIPTION | |
| Extent | 115 p. |
| 650 #7 - SUBJECT ADDED ENTRY--TOPICAL TERM | |
| Topical term or geographic name as entry element | Abogados |
| Source of heading or term | LEMB |
| 650 #7 - SUBJECT ADDED ENTRY--TOPICAL TERM | |
| Topical term or geographic name as entry element | Jueces |
| Source of heading or term | LEMB |
| 650 #7 - SUBJECT ADDED ENTRY--TOPICAL TERM | |
| Topical term or geographic name as entry element | Proceso Civil |
| Source of heading or term | LEMB |
| 942 ## - ADDED ENTRY ELEMENTS (KOHA) | |
| Koha item type | LIBRO |
| Source of classification or shelving scheme | |
| 945 ## - LOCAL PROCESSING INFORMATION (OCLC) | |
| a | sa |
| d | 2012-11-23 |
| Withdrawn status | Lost status | Source of classification or shelving scheme | Damaged status | Not for loan | Home library | Current library | Date acquired | Total Checkouts | Full call number | Barcode | Date last seen | Price effective from | Koha item type | Shelving location |
|---|---|---|---|---|---|---|---|---|---|---|---|---|---|---|
| Bib. Derecho | Bib. Derecho | 12/06/2014 | 347.93 C 125 | 100769 | 12/06/2014 | 12/06/2014 | LIBRO | |||||||
| Bib. Derecho | Bib. Derecho | 06/12/2019 | 347.93 C 125 | 204103 | 06/12/2019 | 06/12/2019 | LIBRO (Consulta) | Sala de Lectura |
